000 03264cam a22011654a 4500
003 PE-LiUPU
005 20250813185655.0
008 090417s2008 pe b 000 0 spa
020 _a9786123223809
035 _a(PE-LiEIC)it2000700007705
040 _aDLC
_cPE-LiUPU
_bspa
_dPE-LiUPU
_erda
082 _223
_a343.301
_bG216t
100 1 0 _aGarcía Toma, Víctor
_d1954
_eautor.
245 1 0 _aTeoría del estado y derecho constitucional /
_cVíctor García Toma.
250 _aPrimera edición.
264 _aLima :
_bInstituto Pacífico,
_c2022.
300 _a1103 páginas ;
_c25 centímetros.
505 _aLa obra constituyente -- La constitución -- Los valores, principios, fines e interpretación constitucional -- Las fuentes de la constitución -- La jurisdicción constitucional -- La persona y la sociedad política -- Los elementos del estado -- El estado y el derecho -- Las funciones y fines del estado -- El estado y el gobierno -- La obediencia constitucional -- El estado y las situaciones de anormalidad constitucional -- Los gobiernos de facto y los gobiernos en el exilio -- Los derechos fundamentales.
526 _aP202
526 _aP201
526 _aP163
526 _aP162
526 _aP161
526 _aP160
526 _aP148
526 _aP147
526 _aP146
526 _aP145
526 _aP144
526 _aP143
526 _aP142
526 _aP141
526 _aP140
526 _aP139
526 _aP138
526 _aP137
526 _aP136
526 _aP135
526 _aP134
526 _aP133
526 _aP129
526 _aP128
526 _aP127
526 _aP120
526 _aP119
526 _aP118
526 _aP116
526 _aP115
526 _aP114
526 _aP110
526 _aP109
526 _aP108
526 _aP104
526 _aP103
526 _aP102
526 _aP99
526 _aP98
526 _aP97
526 _aP96
526 _aP95
526 _aP93
526 _aP90
526 _aP89
526 _aP88
526 _aP83
526 _aP82
526 _aP62
526 _aP59
526 _aP58
526 _aP57
526 _aP51
526 _aP49
526 _aP48
526 _aP47
526 _aP29
526 _aP24
526 _aP20
526 _aP19
526 _aP17
526 _aP15
526 _aP14
526 _aP12
526 _aP10
526 _aP09
526 _aP08
526 _aP07
526 _aP06
526 _aP05
526 _aP04
526 _aP01
556 _a10444184961 E001
_z9786123223809
650 1 8 _aEstado
_xFilosofía.
_2bnp
_92475
650 2 8 _aDemocracia y Estado.
_2bnp
_92476
650 2 8 _aCiencia política.
_2bnp
_92477
650 2 8 _aDerecho constitucional
_xLegislación
_xInterpretación y aplicación.
_zPerú
_92478
942 _2ddc
_cBK
_n0
980 _618226
_aJaime Vilcazán Jefe de Análisis Documental
_81
_gALBERTO SANCHEZ Responsable de Automatización
999 _c61950
_d61950